| 000 | 00797cab a2200241 4500 | ||
|---|---|---|---|
| 001 | WB3504-32 | ||
| 008 | 090401t1999 xxu||||| |||| 00| 0 eng d | ||
| 035 | _a(Sirsi) u90916 | ||
| 041 | _aeng | ||
| 245 | _aLondon rents fall as tenant numbers drop | ||
| 260 | _c1999 | ||
| 350 | _a0 | ||
| 490 |
_aProperty Week _v64(3) 22 January 1999, 21(1) |
||
| 520 | _aRents on London homes are falling, due to a 30% increase in the number of houses available to rent. In comparison, the number of tenants has only increased by 3%. | ||
| 650 | _aDECREASE | ||
| 650 | _aLONDON | ||
| 650 | _aRESIDENTIAL LETTINGS | ||
| 650 |
_aRESIDENTIAL PROPERTY _96266 |
||
| 650 | _aRESIDENTIAL RENTS | ||
| 690 | _aPROPERTY-RESIDENTIAL PROPERTY-RESIDENTIAL PROPERTY MARKET | ||
| 942 | _n0 | ||
| 948 | _c26/01/1999 | ||
| 999 |
_c57677 _d57677 |
||